| 000 | 00720aam a2200265 a 4500 | ||
|---|---|---|---|
| 020 | _a9241544430 (pbk.) | ||
| 040 | _cDLC | ||
| 082 | 0 | 0 | _a628 WOR 1992 C152 Or. |
| 100 | 1 | _aFranceys, R | |
| 245 | 1 | 2 | _aA guide to the development of on-site sanitation / |
| 260 |
_aGeneva : _bWorld Health Organizaton, _c1992 |
||
| 300 |
_aviii, 237 p. : _bill. ; _c26 cm |
||
| 500 | _aIncludes index | ||
| 650 | 0 | _aSewerage, Rural | |
| 650 | 0 | _aSewage disposal, Rural | |
| 650 | 0 | _aOuthouses | |
| 650 | 2 | _aDeveloping Countries | |
| 650 | 2 | _aSanitation | |
| 650 | 2 | _aSewage | |
| 650 | 2 | _aToilet Facilities | |
| 700 | 1 | _aPickford, John Aston | |
| 700 | 1 | 0 | _aReed, R |
| 710 | 2 | 0 | _aWorld Health Organization |
| 942 | _cAEDBB | ||
| 999 |
_c18826 _d18826 |
||